Statistics for Alliterative National Parks of North America on a Map

Click here to take the quiz!

General Stats

  • This quiz has been taken 10 times
  • The average score is 3 of 12

Answers on the Map

Answers color-coded by a green-red scale on the quiz's map according to % correct below.
 

Answer Stats

CountryNational Park% Correct
United StatesBig Bend
100%
United StatesCarlsbad Caverns
70%
CanadaPoint Pelee
30%
MexicoArrecife Alacranes
10%
BelizeBilly Barquedier
10%
PanamaCamino de Cruces
10%
HondurasCapiro y Calentura
10%
MexicoCerro de las Campanas
10%
Guatemala
Cuevas de Candelaria
10%
MexicoIsla Isabel
10%
GuatemalaLaguna Lachuá
10%
HondurasPico Pijol
10%

Score Distribution

Percentile by Number Answered

Percent of People with Each Score

Your Score History

You have not taken this quiz